| 000 | 00384nam a2200157Ia 4500 | ||
|---|---|---|---|
| 003 | LK-CoDNM | ||
| 008 | 010623t1918 xxu||||| |||| 00| 1 eng d | ||
| 040 |
_aLK-CoDNM _dLK-CoDNM _eLK-CoDNM |
||
| 041 | _aeng | ||
| 080 | _a24 G 33 | ||
| 100 |
_aWootler,S.T. _eed. |
||
| 245 | _aYoung Ceylon on War Service | ||
| 260 |
_b _c1918 |
||
| 300 | _b67p,pl., 21 260: Second cm | ||
| 942 | _cBK | ||
| 999 |
_c89467 _d89467 |
||